000 00799nam a2200253Ia 4500
003 OSt
005 20220923221017.0
006 a|||||r|||| 00| 0
007 ta
008 220922b |||||||| |||| 00| 0 hin d
024 _a193,726
037 _cTextual
040 _aARTS
_cARTS
_bhin
041 _2hin
_ahin
082 _aO152,3:g, N9
100 _aसान्याल, गौतम
_9156275
245 0 _aकहानी में अनुपस्थित
246 _aKahānī mean anupasthita
260 _aदिल्ली
_b मेधा बुक्स
_c1999
300 _a192पृ.
_ccm.
650 _aहिन्दी साहित्य
_9156264
942 _hO152,3:g, N9
_cTEXL
_2CC
999 _c346162
_d346162